Nebezpečné místo /

Hlavní autor: Patterson, Richard North, 1947-
Další autoři: Nevrlová, Miroslava
Jazyk: Čeština
Vydáno: Praha : BB art, 2001
Vydání: 1. vyd. v českém jazyce
Témata:
Fyzický popis: 479 s. ; 21 cm
Knihy
Uloženo v:
LEADER 01060nam a2200325 a 4500
001 000580412
003 CZ BrMZK
005 20160525083615.0
007 ta
008 011204s2001 xr g f cze d
015 |a cnb001121273 
020 |a 80-7257-383-7 
035 |a (OCoLC)51187918 
040 |a BOA001  |b cze 
041 1 |a cze  |h eng 
072 7 |a 821.111(73)-3  |x Americká próza  |2 Konspekt  |9 25 
080 |a 821.111(73)-31  |2 MRF 
080 |a (0:82-31)  |2 MRF 
100 1 |a Patterson, Richard North,  |d 1947-  |7 xx0001276  |4 aut 
245 1 0 |a Nebezpečné místo /  |c Richard North Patterson ; přeložila Miroslava Nevrlová 
250 |a 1. vyd. v českém jazyce 
260 |a Praha :  |b BB art,  |c 2001 
300 |a 479 s. ;  |c 21 cm 
500 |a Překlad z angličtiny 
655 7 |a americké romány  |7 fd131796  |2 czenas 
700 1 |a Nevrlová, Miroslava  |7 jn20001103807  |4 trl 
765 0 |t No safe place 
910 |a BOA001  |b 2-1094.658 
990 |a BK 
996 6 |b 2610149555  |c 2-1094.658  |l MZK  |r Sklad / do 1 hodiny  |n 1  |p p.v.  |w 000580412  |u 000010  |a 1  |e BOA001  |j MZK50  |s P